000 01001ntm a2200253 a 4500
001 75720
003 BD-RjUL
005 20211209082731.0
008 190528s2016 bg a|||| bm|| 00| 0 eng d
035 _a(BD-RjUL)75939
040 _aBD-RjUL
_beng
_cBD-RjUL
_dBD-RjUL
041 _aeng
082 _223
_bAHR 2016
_a306.095492
100 1 _aAhmed, Monsur
_9231928
245 1 0 _aRole of Social Capital in Democratic Consolidation :
_bA Study on Civil Society Organizations in Bangladesh /
_cMonsur Ahmed ;
_6Supervisor: Sultana Mustafa Khanum
260 _aRajshahi :
_bInstitute of Bangladesh Studies, University of Rajshahi,
_c2016
300 _axix, 239 leaves :
_bIll. ;
_c29 cm.
502 _aThesis (Ph. D.) -- Institute of Bangladesh Studies, University of Rajshahi, 2016
504 _aReferences: Leaves 204-216
650 _aSocial capital (Sociology)
_9231929
650 _aCivil society
_zBangladesh.
_9231930
700 _aKhanum, Sultana Mustafa, Supervisor
_9114610
942 _2ddc
_cTHE
999 _c75720
_d75720